| 000 | 00711cam a22002294a 4500 | ||
|---|---|---|---|
| 020 | _a0881927775 | ||
| 020 | _a9780881927771 | ||
| 040 | _cDLC | ||
| 082 | 0 | 0 | _a631 PRE 2006 |
| 100 | 1 | _aLowenfels, Jeff. | |
| 245 | 1 | 0 |
_aTeaming with microbes : _ba gardener's guide to the soil food web / |
| 260 |
_aPortland, Or. : _bTimber Press, _c2006. |
||
| 300 |
_a196 p. : _bill. (some col.) ; _c24 cm. |
||
| 650 | 0 | _aSoils. | |
| 650 | 0 | _aSoil ecology. | |
| 650 | 0 | _aSoil microbiology. | |
| 650 | 0 | _aFood chains (Ecology) | |
| 700 | 1 | _aLewis, Wayne, | |
| 856 | 4 | 1 | _uhttp://www.loc.gov/catdir/toc/ecip063/2005033502.html |
| 856 | 4 | 2 | _uhttp://www.loc.gov/catdir/enhancements/fy0708/2005033502-d.html |
| 942 | _cEK | ||
| 999 |
_c11285 _d11285 |
||